| 000 | 01056nmc a2200361 a 4500 | ||
|---|---|---|---|
| 003 | AR-BaBNM | ||
| 005 | 20251128205751.0 | ||
| 008 | 228019s1996 ||||||||||||||000 | spa|| | ||
| 020 | _a84-7043-870-0 | ||
| 040 | _cAR-BaBNM | ||
| 100 | 1 | _aSevillano, María Luisa | |
| 245 | 1 | 0 |
_aEnseñar y aprender con la prensa _bfichas y modelos de trabajo |
| 250 | _a2ª ed. | ||
| 260 |
_aMadrid _bCCS _c1996 |
||
| 300 | 0 |
_a208 p. _bil. |
|
| 490 | 0 |
_aMateriales para educadores _vv. 17 |
|
| 504 | _aBibliografía: p. 207-208 | ||
| 650 | 4 | _aMEDIOS DE COMUNICACION | |
| 650 | 4 | _aRECURSOS EDUCACIONALES | |
| 650 | 4 | _aDINAMICA DE GRUPO | |
| 650 | 4 | _aDESARROLLO DEL CURRICULO | |
| 650 | 4 | _aENSENANZA DE LAS CIENCIAS SOCIALES | |
| 650 | 4 | _aCURRICULO DE ENSENANZA PRIMARIA | |
| 650 | 4 | _aCURRICULO DE ENSENANZA SECUNDARIA | |
| 650 | 4 | _aEDUCACION | |
| 650 | 4 | _aPRENSA | |
| 651 | 4 | _aEspaña | |
| 653 | 0 | _aENSENANZA DE LA LENGUA | |
| 653 | 0 | _aENSENANZA DE LAS CIENCIAS NATURALES | |
| 700 | 1 | _aBartolomé, Donaciano | |
| 942 | _cBK | ||
| 998 | _carturo | ||
| 999 |
_c12733 _d12733 |
||